000 00369nam a2200145Ia 4500
008 220204s9999 xx 000 0 und d
082 _aNR:62(066)
_bNRP
245 0 _aOil extended natural rubber in tyre treads
260 _aLondon
_bNRPRA
490 _aNR Technical bulletin
650 _aMelting
650 _aNatural rubber
650 _aTyre treads
942 _cBK
999 _c22158
_d22158